00406nam a22001217a 4500008004100000082001600041100001900057245007700076300000900153942001200162999001500174952009500189230629b xxu||||| |||| 00| 0 eng d a334.09bHUX cElspeth Huxley aNo Easy WaybA History of the Kenya Farmers Association and Unga Limited a225p 2ddccBK c2955d2955 00102ddc4070a002b002d2023-06-29l0o334.09 HUXp10000669r2023-06-29w2023-06-29yBK